Statistics for 20 Most Populated Cities in Mexico

Click here to take the quiz!

General Stats

  • This quiz has been taken 13 times
  • The average score is 10 of 20

Answer Stats

Answer% Correct
Mexico City
100%
Cancún
92%
Guadalajara
92%
Monterrey
92%
Tijuana
85%
Puebla
77%
Ciudad Juárez
69%
León
62%
Chihuahua
54%
Mérida
54%
Aguascalientes
46%
Mexicali
38%
San Luis Potosí
38%
Toluca
38%
Ecatepec
31%
Hermosillo
15%
Saltillo
15%
Zapopan
8%
Ciudad Nezahualcóyotl
0%
Naucalpan
0%

Score Distribution

Percentile by Number Answered

Percent of People with Each Score

Your Score History

You have not taken this quiz